¡Pobre España! (Record no. 157045)
[ view plain ]
| 000 -LEADER | |
|---|---|
| campo de control de longitud fija | 00744nam a2200181 i 4500 |
| 001 - NÚMERO DE CONTROL | |
| campo de control | 157045 |
| 003 - IDENTIFICADOR DE NÚMERO DE CONTROL | |
| campo de control | ES-MaACL |
| 005 - FECHA Y HORA DE LA ÚLTIMA TRANSACCIÓN | |
| campo de control | 20230906210552.0 |
| 008 - DATOS DE LONGITUD FIJA--INFORMACIÓN GENERAL | |
| campo de control de longitud fija | 011123s1888 sp |||| |aspa d |
| 100 1# - ENTRADA PRINCIPAL--NOMBRE DE PERSONA | |
| Nombre de persona | Lapoulide, Juan Lorenzo ( |
| Fechas asociadas al nombre | m. 1906) |
| 9 (RLIN) | 163573 |
| 245 11 - MENCIÓN DEL TÍTULO | |
| Título | ¡Pobre España! |
| Resto del título | : (memorias de un coronel jefe de zona) / |
| Mención de responsabilidad, etc. | por Juan L. Lapoulide. |
| 260 ## - PUBLICACIÓN, DISTRIBUCIÓN, ETC. | |
| Lugar de publicación, distribución, etc. | Madrid : |
| Nombre del editor, distribuidor, etc. | [s.n.], |
| Fecha de publicación, distribución, etc. | 1888 ( |
| Fabricante | Imp. de Diego Pacheco) |
| 300 ## - DESCRIPCIÓN FÍSICA | |
| Extensión | 83, [2] p. ; |
| Dimensiones | 16 cm. |
| 530 ## - NOTA DISPONIBLE DE FORMULARIO FÍSICO ADICIONAL | |
| Nota de formato físico adicional disponible | Disponible en formato digital. |
| 650 #4 - PUNTO DE ACCESO ADICIONAL DE MATERIA--TÉRMINO DE MATERIA | |
| Término de materia o nombre geográfico como elemento de entrada | Fuerzas armadas- |
| Subdivisión geográfica | España- |
| Subdivisión de forma | Novelas. |
| 9 (RLIN) | 163572 |
| 852 ## - LOCALIZACIÓN | |
| Ubicación | ES-MaACL |
| Número de control de estantería | Fol-Laf-468 |
| 856 ## - LOCALIZACIÓN Y ACCESO ELECTRÓNICOS | |
| Identificador Uniforme de Recursos | <a href="https://bvpb.mcu.es/es/consulta/registro.do?id=577734 ">https://bvpb.mcu.es/es/consulta/registro.do?id=577734 </a> |
| Nota pública | Biblioteca Virtual del Patrimonio Bibliográfico Disponible en formato digital |
| Estatus retirado | Estado de pérdida | Estado de daño | No para préstamo | Colección | Biblioteca de origen | Biblioteca actual | Ubicación en estantería | Fecha de adquisición | Fuente de adquisición | Total de préstamos | Signatura topográfica completa | Código de barras | Visto por última vez | Precio de reemplazo | Tipo de ítem Koha |
|---|---|---|---|---|---|---|---|---|---|---|---|---|---|---|---|
| Colección de folletos | Biblioteca del Ateneo de Madrid | Biblioteca del Ateneo de Madrid | Depósito folletos | 17/01/2008 | Fol-Laf-468 | 1164313 | 23/02/2023 | 23/02/2023 | Folleto |
